书目信息 |
| 题名: |
何启 胡礼垣评传
|
|
| 作者: | 张礼恒 著 | |
| 分册: | ||
| 出版信息: | 南京 南京大学出版社 2011.04 |
|
| 页数: | 370页 | |
| 开本: | 23cm | |
| 丛书名: | 中国思想家评传丛书 | |
| 单 册: | ||
| 中图分类: | B259.9 | |
| 科图分类: | ||
| 主题词: | ||
| 电子资源: | ||
| ISBN: | 978-7-305-06037-3 | |
| 000 | 01135nam 2200277 450 | |
| 001 | 012011420452 | |
| 005 | 20111205140015.70 | |
| 010 | @a978-7-305-06037-3@dCNY47.00 | |
| 100 | @a20110922d2011 em y0chiy0120 ea | |
| 101 | 0 | @achi |
| 102 | @aCN@b320000 | |
| 105 | @ac a 001yb | |
| 106 | @ar | |
| 200 | 1 | @a何启 胡礼垣评传@Ahe qi hu li yuan ping chuan@f张礼恒著@Fzhang li heng zhu |
| 210 | @a南京@c南京大学出版社@d2011.04 | |
| 215 | @a370页@c肖像@d23cm | |
| 225 | 2 | @a中国思想家评传丛书@Azhong guo si xiang jia ping chuan cong shu |
| 320 | @a有书目 (第361-366页) 和索引 | |
| 330 | @a本书共分四部分。第一部分为研究综述篇,全面、系统地回顾了五六十年来国内外学者对何、胡的研究;第二、三部分为生平篇,分别探讨了何、胡的人生之路,以及作为文化边缘人在社会整体转型期复杂的思想脉络;第四部分为思想篇,重点分析了何、胡二人的大同思想、民权思想和宗教哲学思想。 | |
| 410 | 0 | @12001 @a中国思想家评传丛书 |
| 600 | 0 | @a何启,@Ahe qi,@f1859-1914@x评传 |
| 600 | 0 | @a胡礼垣,@Ahu li yuan,@f1847-1916@x评传 |
| 690 | @aB259.9@v4 | |
| 701 | 0 | @a张礼恒@Azhang li heng@4著 |
| 801 | 0 | @aCN@bQSSK@c20111205 |
| 905 | @b795862@dB259.9@eH193@f1 | |
| 何启 胡礼垣评传/张礼恒著.-南京:南京大学出版社,2011.04 |
| 370页:肖像;23cm.-(中国思想家评传丛书) |
| ISBN 978-7-305-06037-3:CNY47.00 |
| 本书共分四部分。第一部分为研究综述篇,全面、系统地回顾了五六十年来国内外学者对何、胡的研究;第二、三部分为生平篇,分别探讨了何、胡的人生之路,以及作为文化边缘人在社会整体转型期复杂的思想脉络;第四部分为思想篇,重点分析了何、胡二人的大同思想、民权思想和宗教哲学思想。 |
| ● |
| 相关链接 |
|
|
|
正题名:何启 胡礼垣评传
索取号:B259.9/H193
 
预约/预借
| 序号 | 登录号 | 条形码 | 馆藏地/架位号 | 状态 | 备注 |
| 1 | 795862 | 207958628 | 社科库509/509社科库 15排3列3层/ [索取号:B259.9/H193] | 在馆 |